Southville International School and Colleges
Your cart is empty.
  • Cart
  • Lists
    Public lists Eva Luna New books Lux_list list_1
    Your lists Log in to create your own lists
  • Log in to your account
  • Your cookies
  • Search history
Southville International School and Colleges
  • Advanced search
  • Recent comments
  • Most popular
  • Libraries

Log in to your account

Log in with GOOGLE


If you do not have an external account, but do have a local account, you can still log in:

  1. Home
  2. MARC view: Kate's giants /
Normal view MARC view ISBD view

Kate's giants / (Record no. 103748)

[ view plain ]
MARC details
000 -LEADER
fixed length control field 00687nam a2200181 a 4500
005 - DATE AND TIME OF LATEST TRANSACTION
control field 20140412111307.0
008 - FIXED-LENGTH DATA ELEMENTS--GENERAL INFORMATION
fixed length control field 010503s19uu xx 00 eng d
020 ## - INTERNATIONAL STANDARD BOOK NUMBER
International Standard Book Number 0-7445-4069-0
050 ## - LIBRARY OF CONGRESS CALL NUMBER
Classification number TR(PS E
Item number Ka11 1995
100 ## - MAIN ENTRY--PERSONAL NAME
Personal name Gregory, Valiska
245 ## - TITLE STATEMENT
Title Kate's giants /
Statement of responsibility, etc Valiska Gregory; illustrated by Virginia Austin.
260 ## - PUBLICATION, DISTRIBUTION, ETC. (IMPRINT)
Place of publication, distribution, etc London :
Name of publisher, distributor, etc Walker Books,
Date of publication, distribution, etc 1995.
300 ## - PHYSICAL DESCRIPTION
Extent 1v. (unp.) ; ill.
520 ## - SUMMARY, ETC.
Summary, etc Kate doesn't like the attic door in her room. Scary things might come through it, she thinks. There might be wild animals or giants. . . and, lying in the dark, she's sure there are!
650 ## - SUBJECT ADDED ENTRY--TOPICAL TERM
Topical term or geographic name as entry element Fear-Stories
650 ## - SUBJECT ADDED ENTRY--TOPICAL TERM
Topical term or geographic name as entry element Children's stories
Holdings
Withdrawn status Lost status Damaged status Home library Current library Shelving location Date acquired Source of acquisition Cost, normal purchase price Total Checkouts Full call number Barcode Date last seen Price effective from Koha item type
      Elizalde Library Elizalde Library Teachers Reference Section 05/03/2001   162.00   TR(PS E Ka11 1995 E5814 04/12/2014 04/12/2014 Books

Kate's giants /

APA

Gregory V., . (1995). Kate's giants. London: Walker Books.

Chicago

Gregory Valiska, . 1995. Kate's giants. London: Walker Books.

Harvard

Gregory V., . (1995). Kate's giants. London: Walker Books.

MLA

Gregory Valiska, . Kate's giants. London: Walker Books. 1995.

  • Place hold
  • Print
  • Cite
  • Add to your cart (remove)
  • Save record
    BIBTEX Dublin Core MARCXML MARC (non-Unicode/MARC-8) MARC (Unicode/UTF-8) MARC (Unicode/UTF-8, Standard) MODS (XML) RIS
  • More searches
    Search for this title in:
    Other Libraries (WorldCat) Other Databases (Google Scholar) Online Stores (Bookfinder.com) Open Library (openlibrary.org)

Exporting to Dublin Core...

SOUTHVILLE LIBRARY

Southville International School and Colleges Library

1281 Tropical Ave. Cor. Luxembourg St., BF Homes International, Las Pinas City

Tel. No. 8256374 / 252358 Loc. 117/146

Powered by Koha